<?xml version="1.0" encoding="UTF-8"?>
<collection xmlns="http://www.loc.gov/MARC21/slim">
 <record>
  <leader>     na                 </leader>
  <controlfield tag="001">INLIS000000000001052</controlfield>
  <controlfield tag="005">20220406101303</controlfield>
  <datafield tag="035" ind1=" " ind2=" ">
   <subfield code="a">0010-0422000179</subfield>
  </datafield>
  <datafield tag="245" ind1="1" ind2=" ">
   <subfield code="a">Insan Kamil :</subfield>
   <subfield code="b">Sosok Keteladanan Muhammad SAW /</subfield>
   <subfield code="c">Dr. Sayyid Muhammad Alwy  Al - Maliki</subfield>
  </datafield>
  <datafield tag="100" ind1="0" ind2=" ">
   <subfield code="a">Dr. Sayyid Muhammad Alwy  Al - Maliki</subfield>
  </datafield>
  <datafield tag="250" ind1=" " ind2=" ">
   <subfield code="a">1</subfield>
  </datafield>
  <datafield tag="300" ind1=" " ind2=" ">
   <subfield code="a">368 :</subfield>
   <subfield code="b">Ilus ;</subfield>
   <subfield code="c">21</subfield>
   <subfield code="e">Buku</subfield>
  </datafield>
  <datafield tag="856" ind1=" " ind2=" ">
   <subfield code="a">Perpustakaan Ibnu Sina MIN 7 Blitar</subfield>
  </datafield>
  <datafield tag="260" ind1=" " ind2=" ">
   <subfield code="a">Surabaya :</subfield>
   <subfield code="b">PT Bina Ilmu,</subfield>
   <subfield code="c">1999</subfield>
  </datafield>
  <datafield tag="082" ind1=" " ind2=" ">
   <subfield code="a">297.01</subfield>
  </datafield>
  <datafield tag="084" ind1=" " ind2=" ">
   <subfield code="a">297.01 DR. i</subfield>
  </datafield>
  <datafield tag="600" ind1=" " ind2="4">
   <subfield code="a">Dr. Sayyid Muhammad Alwy  Al - Maliki</subfield>
  </datafield>
  <controlfield tag="008">220406                g          0 ind  </controlfield>
  <datafield tag="990" ind1=" " ind2=" ">
   <subfield code="a">00000002622</subfield>
  </datafield>
  <datafield tag="990" ind1=" " ind2=" ">
   <subfield code="a">00000002623</subfield>
  </datafield>
 </record>
</collection>
